header

"Colour'd shadows" (Record no. 187605)

MARC details
000 -LEADER
fixed length control field 01861nam a2200409Ia 4500
100 1# - MAIN ENTRY--AUTHOR NAME
Personal name Hoagwood, Terence Allan,
245 10 - TITLE STATEMENT
Title "Colour'd shadows"
250 ## - EDITION STATEMENT
Edition statement 1st ed.
260 ## - PUBLICATION, DISTRIBUTION, ETC. (IMPRINT)
Place of publication New York :
Name of publisher Palgrave Macmillan,
Year of publication 2005.
300 ## - PHYSICAL DESCRIPTION
Number of Pages xi, 198 p. :
Other physical details ill.
650 #0 - SUBJECT ADDED ENTRY--TOPICAL TERM
Topical Term English poetry
Topical Term Women
Topical Term Literature publishing
Topical Term Women and literature
Topical Term Books and reading
Topical Term Women
Topical Term English poetry
Topical Term Printing
700 1# - ADDED ENTRY--PERSONAL NAME
Personal name Ledbetter, Kathryn.
856 40 - ELECTRONIC LOCATION AND ACCESS
Uniform Resource Identifier http://site.ebrary.com/lib/rucke/Doc?id=10135447

No items available.

© 2026 Rongo University
Contact us: librarian | system librarian | Rongo university